|
|
|
|
| LEADER |
00000nam a2200000 a 4500 |
| 001 |
vtls001331585 |
| 003 |
SK-MaSNL |
| 005 |
20260301160230.0 |
| 008 |
240314s1990 xr 0 cze |
| 020 |
|
|
|a 8001002489
|
| 035 |
|
|
|a SNK000284470
|
| 040 |
|
|
|a SNK
|b slo
|c SNK
|e AACR2
|
| 041 |
0 |
|
|a cze
|
| 044 |
|
|
|a CZ
|
| 080 |
|
|
|a 65.012.4:338.45(075.8)
|2 1981
|
| 080 |
|
|
|a 658:338.45(075.8)
|2 1981
|
| 100 |
1 |
|
|a Novotný, Josef
|4 aut
|9 291860
|
| 245 |
1 |
0 |
|a Řízení a ekonomika průmyslu
|b pro stud. fak. elektrotechn.
|c Josef Novotný
|
| 250 |
|
|
|a 2. vyd.
|
| 260 |
|
|
|a Praha
|b ČVUT
|c 1990
|
| 300 |
|
|
|a 311, [1] s.
|c 4°
|
| 650 |
0 |
7 |
|a priemysel
|x riadenie
|x ekonomika
|x učebnice vysokoškolské
|2 SNK
|9 521498
|
| 919 |
|
|
|a 80-01-00248-9
|
| 958 |
|
|
|a RK
|
| 958 |
|
|
|a OND
|
| 999 |
|
|
|c 804608
|d 806538
|
| 952 |
|
|
|t P60, <04>, [BOOK], {604}
|a SNK
|b SNK
|y VYP
|7 0
|o snkIB 63963
|i snkKIP 4225/90
|0 0
|1 0
|4 0
|d 1998-05-19
|l 0
|r 2005-01-02 00:00:00
|w 2026-02-24
|
| 952 |
|
|
|t P60, <04>, [BOOK], {604}
|a SNK
|b SNK
|y VYP
|7 0
|o snkIB 63963 D1
|i snkKIP 4226/90
|0 0
|1 0
|4 0
|d 1998-05-19
|l 0
|r 2005-01-02 00:00:00
|w 2026-02-24
|